00686nam a22002177ia450000500170000000800410001702000380005804000250009608200160012110000310013724500350016826400420020326400110024530000510025633600210030733700250032833800230035349000280037665000360040483000280044020200517093247.0190902t20172018nyuo j 000 0 eng d a9781489653901qhardbackcRM119.30 aPPAKbengcPPAKerda04a599.7852231 aKissock, Heather,eauthor.10aBlack Bears /cHeather Kissock 1aNew York, NY : bAV2 by Weigl, c2017 4c©2018 a24 pages : bcolour photographs ; c23 x 25 cm 2rdacontentatext 2rdamediaaunmediated 2rdacarrieravolume1 alittle backyard animals10aBlack bearvJuvenile literature 0aLittle backyard animals